000 00215nam a2200085Ia 4500
008 170617s9999 xx 000 0 und d
100 _aBehl- Srivastwa
245 0 _aHerbs useful in Dermato logical Theraphy
260 _bC B S Pub
260 _c2002
999 _c15335
_d15335